000
00306nam a22001337a 4500
008
170418b xxu||||| |||| 00| 0 eng d
020
_a
9781118233740
041
_a
eng
080
_a
612.39
100
_a
10
101
_a
SHM
245
_a
NUTRIENT COMPOSITION OF FOODS
_c
GROSVENDR, M.B
942
_2
udc
_c
BK
999
_c
10925
_d
10925